| 000 | 00957nam a22002295i 4500 | ||
|---|---|---|---|
| 001 | 160548 | ||
| 003 | ES-MaACL | ||
| 005 | 20250716063318.0 | ||
| 008 | 990513s1895 sp |||| | spa d | ||
| 040 |
_aCCPB | B _bspa _cCCPB | B |
||
| 100 | 1 |
_aNavarro, Felipe Benicio, _d1840-1901 _eaut _985065 |
|
| 245 | 1 | 0 |
_aFortalezas y castillos en la Edad Media : _b(Maqueda y Escalona) / _cpor Felipe B. Navarro. |
| 260 |
_aMadrid : _b[s.n.], _c1895 _f(Est. Tip. de Agustín Avrial) |
||
| 300 |
_a31 páginas ; _c28 cm. |
||
| 510 | 4 |
_aPalau, _ct. X, 188171 |
|
| 650 | 4 |
_aFortificaciones- _zEspaña _9161714 |
|
| 650 | 4 |
_aCastillos- _zCastilla-La Mancha _910825 |
|
| 852 |
_aES-MaACL _cDEPOF _gDedicatoria ms. del autor a la Biblioteca del Ateneo _hDonativo de Felipe Benicio Navarro _jT-825-F-7 _xEnc. en un vol. facticio _xHolandesa conservando cub. original |
||
| 942 |
_2udc _cFOLLETOS _n0 |
||
| 999 |
_c160548 _d160548 |
||